000 00584nam a2200229Ia 4500
003 OSt
005 20220924150221.0
006 a|||||r|||| 00| 0
007 ta
008 220923b |||||||| |||| 00| 0 tel d
024 _a332382
037 _cTextual
040 _aARTS
_cARTS
_btel
041 _2tel
_atel
082 _aO35,1I30,1, K0.1-.2
100 _aGopa Raju
_9221565
245 0 _aSimpasana dwatrimsika
260 _c1960
650 _aTELUGU POETRY
942 _hO35,1I30,1, K0.1-.2
_cTEXL
_2CC
999 _c462622
_d462622